00528nam a2200169Ia 450000500170000000800410001702000210005804000190007904100120009808200160011024501060012626000530023230000170028550400190030265000270032185000100034820221111105449.0131103s9999 xx 000 0 und d a706905938cRs.75 aLoreto College aEnglish a954.03bBOS aLife and times of Subhas Chandra Boseb as told in his own words ccompiled and edited by Madan Gopal aNew DelhibVikas Publishing House Pvt.Ltd.c1978 aviii,352 p.  aIncludes index aIndia - Modern History aLCLIB